000 00851nam a2200253Ia 4500
003 OSt
005 20220923223053.0
006 a|||||r|||| 00| 0
007 ta
008 220922b |||||||| |||| 00| 0 hin d
024 _a210,699
037 _cTextual
040 _aARTS
_cARTS
_bhin
041 _2hin
_ahin
082 _aO152,3N32,DK, L7
100 _aशर्मा, यादवेन्द्र, चन्द्र
_9158326
245 0 _aढोलन कुंजकली
246 _aḌholan kuanjakalī
260 _aदिल्ली
_b पराग प्रका0
_c1977
300 _a52पृ.
_ccm.
650 _aहिन्दी साहित्य
_9156264
942 _hO152,3N32,DK, L7
_cTEXL
_2CC
999 _c360978
_d360978